| 000 | 00434nam a2200169Ia 4500 | ||
|---|---|---|---|
| 003 | LK-CoDNM | ||
| 005 | 20240826110201.0 | ||
| 008 | 010623t1901 xxu||||| |||| 00| 1 eng d | ||
| 040 |
_aLK-CoDNM _dLK-CoDNM _eLK-CoDNM |
||
| 041 | _aeng | ||
| 080 |
_a22 _bH24 |
||
| 100 | _aAiyer, Velandai Gopala | ||
| 245 | _aThe Chronology of Ancient India | ||
| 260 |
_bG.A. Natesan Co. _aMadras _c1901 |
||
| 300 | _b190p. ; 22 cm | ||
| 942 | _cBK | ||
| 999 |
_c85177 _d85177 |
||